[Event "POL-chT3 Pomorskie"]
[Site "Poland"]
[Date "2013.06.09"]
[Round "9.3"]
[White "Borchardt, Marcin"]
[Black "Wieczorek, Jan"]
[Result "1/2-1/2"]
[WhiteElo "1777"]
[BlackElo "1632"]
[PlyCount "129"]
[EventDate "2013.01.13"]
[EventType "team-tourn"]
[EventRounds "9"]
[EventCountry "POL"]
[SourceTitle "EXT 2019"]
[Source "ChessBase"]
[SourceDate "2018.10.10"]
[SourceVersion "1"]
[SourceVersionDate "2018.10.10"]
[SourceQuality "1"]
[WhiteTeam "Chojnice Osemka"]
[BlackTeam "Malbork MCK"]
[WhiteTeamCountry "POL"]
[BlackTeamCountry "POL"]

1. d4 e6 2. c4 Nf6 3. Nf3 Bb4+ 4. Bd2 Bxd2+ 5. Nbxd2 0-0 6. e4 d6 7. Bd3 b6 8. 0-0 Bb7 9. Qe2 Nbd7 10. Rfe1 e5 11. d5 Nc5 12. Bc2 a5 13. Nf1 h6 14. Ng3 Bc8 15. h3 Nh7 16. b3 Ng5 17. a3 Qf6 18. Nd2 Bxh3 19. gxh3 Nxh3+ 20. Kf1 Nf4 21. Qf3 Qh4 22. Qh1 Qxh1+ 23. Nxh1 Ncd3 24. Re3 Nc5 25. Ng3 g6 26. Ne2 g5 27. Nxf4 exf4 28. Rh3 Kg7 29. f3 Nd7 30. Kf2 Ne5 31. a4 Rh8 32. Rah1 Kg6 33. Rh5 Kg7 34. Nb1 Rac8 35. Nc3 c6 36. dxc6 Rxc6 37. Nd5 Nd7 38. Ne7 Rc5 39. Nf5+ Rxf5 40. exf5 Nf6 41. R5h2 d5 42. Bd3 dxc4 43. Bxc4 h5 44. Rg1 g4 45. fxg4 hxg4 46. Rxh8 Kxh8 47. Bxf7 Kg7 48. Be6 Kh6 49. Rc1 Kg5 50. Rc4 Nh5 51. f6 Nxf6 52. Bxg4 Kxg4 53. b4 axb4 54. Rxb4 Nd5 55. Rc4 Ne3 56. Rc6 Nd5 57. Rc4 Ne3 58. Rb4 Nd5 59. Rb3 Kf5 60. Rb5 Ke4 61. Rb3 Kd4 62. Kf3 Nc3 63. Rxb6 Nxa4 64. Rf6 Nc3 65. Rxf4+ 1/2-1/2

[Event "POL-chT3 Pomorskie"]
[Site "Poland"]
[Date "2013.04.07"]
[Round "5.11"]
[White "Borchardt, Marcin"]
[Black "Zaleski, Lukasz"]
[Result "0-1"]
[WhiteElo "1777"]
[BlackElo "1767"]
[PlyCount "68"]
[EventDate "2013.01.13"]
[EventType "team-tourn"]
[EventRounds "9"]
[EventCountry "POL"]
[SourceTitle "EXT 2019"]
[Source "ChessBase"]
[SourceDate "2018.10.10"]
[SourceVersion "1"]
[SourceVersionDate "2018.10.10"]
[SourceQuality "1"]
[WhiteTeam "Chojnice Osemka"]
[BlackTeam "Kolbudy UKS Zawisza"]
[WhiteTeamCountry "POL"]
[BlackTeamCountry "POL"]

1. Nf3 Nf6 2. g3 d6 3. d4 Bg4 4. Bg2 c6 5. c4 Nbd7 6. Nc3 e5 7. d5 c5 8. e4 g6 9. 0-0 Bg7 10. h3 Bxf3 11. Bxf3 0-0 12. Bg5 h6 13. Be3 Ne8 14. Rb1 f5 15. b4 b6 16. bxc5 Nxc5 17. Bxc5 bxc5 18. Rb7 h5 19. Kg2 h4 20. Qa4 hxg3 21. fxg3 Qg5 22. Qc2 Bh6 23. Rb3 Ng7 24. Ne2 fxe4 25. Bxe4 Rxf1 26. Kxf1 Rf8+ 27. Rf3 Rxf3+ 28. Bxf3 Nf5 29. Kf2 Qf6 30. Qe4 Be3+ 31. Kg2 Bd4 32. Nxd4 cxd4 33. Be2 Qg5 34. Qf3 Nh4+ 0-1

[Event "POL-chT3 Pomorskie"]
[Site "Poland"]
[Date "2013.01.13"]
[Round "1.19"]
[White "Borchardt, Marcin"]
[Black "Wojszkun, Tadeusz"]
[Result "1/2-1/2"]
[WhiteElo "1777"]
[BlackElo "1736"]
[PlyCount "42"]
[EventDate "2013.01.13"]
[EventType "team-tourn"]
[EventRounds "9"]
[EventCountry "POL"]
[SourceTitle "EXT 2019"]
[Source "ChessBase"]
[SourceDate "2018.10.10"]
[SourceVersion "1"]
[SourceVersionDate "2018.10.10"]
[SourceQuality "1"]
[WhiteTeam "Chojnice Osemka"]
[BlackTeam "Sztum"]
[WhiteTeamCountry "POL"]
[BlackTeamCountry "POL"]

1. d4 d5 2. c4 e6 3. Nc3 Nf6 4. e3 c6 5. Nf3 Bd6 6. Bd3 Nbd7 7. e4 dxe4 8. Nxe4 Nxe4 9. Bxe4 Nf6 10. Bc2 0-0 11. 0-0 c5 12. Bg5 cxd4 13. Qxd4 Be7 14. Rfd1 Qa5 15. Bd2 Qc7 16. Bf4 Qa5 17. Bd2 Qc7 18. Bc3 Rd8 19. Qh4 h6 20. Rxd8+ Bxd8 21. Qd4 Be7 1/2-1/2

[Event "Dresden ZMDI Blitz"]
[Site "Dresden"]
[Date "2011.08.10"]
[Round "5"]
[White "Glase, Johan"]
[Black "Borchardt, Marcin"]
[Result "1/2-1/2"]
[WhiteElo "1140"]
[BlackElo "1400"]
[PlyCount "136"]
[EventDate "2011.08.06"]
[EventType "swiss (blitz)"]
[EventRounds "9"]
[EventCountry "GER"]
[SourceTitle "EXT 2022"]
[Source "ChessBase"]
[SourceDate "2021.10.06"]
[SourceVersion "1"]
[SourceVersionDate "2021.10.06"]
[SourceQuality "1"]

1. c4 Nf6 2. Nc3 d5 3. cxd5 Nxd5 4. d3 e6 5. Nf3 Bb4 6. Bd2 Nc6 7. g3 b6 8. Bg2 Bb7 9. 0-0 Nf6 10. a3 Be7 11. b4 0-0 12. Qc2 Rb8 13. Rab1 Nd4 14. Nxd4 Qxd4 15. Be3 Qd7 16. a4 Ng4 17. Bd2 c5 18. bxc5 Bxc5 19. Nb5 Bxg2 20. Kxg2 Rbc8 21. Qb3 Rfd8 22. a5 a6 23. Nc3 bxa5 24. Na4 Qc6+ 25. Kg1 Ba7 26. Bxa5 Rd5 27. Bb6 Rb5 28. Qc4 Bxb6 29. Nxb6 Qxc4 30. Nxc4 Ra8 31. Rxb5 axb5 32. Nd6 b4 33. Rb1 Rb8 34. h3 Nf6 35. Nc4 Nd5 36. e4 Nc3 37. Rb3 Ne2+ 38. Kg2 Nc1 39. Rb1 Nxd3 40. Nd2 Nc5 41. Kf3 Kf8 42. Ke3 e5 43. Nb3 Na6 44. Kd3 Rc8 45. Rc1 Rxc1 46. Nxc1 Nc5+ 47. Kc4 b3 48. Nxb3 Nxe4 49. f4 exf4 50. gxf4 Nf2 51. h4 Nh3 52. f5 Ng1 53. Kd5 Nf3 54. h5 Ke7 55. Ke4 Nh4 56. Nd4 Kf6 57. Kf4 Ng2+ 58. Kf3 Ne1+ 59. Kf4 Nd3+ 60. Ke4 Nc5+ 61. Kf4 Nd3+ 62. Ke4 Ne5 63. Kf4 Nd3+ 64. Ke4 Nc1 65. Kf4 g6 66. fxg6 fxg6 67. Kg4 Nd3 68. hxg6 hxg6 1/2-1/2

[Event "POL-chT4 Kujawsko Pomorskie 1011"]
[Site "Poland"]
[Date "2011.02.13"]
[Round "6.1"]
[White "Wierzbicki, Slawomir"]
[Black "Borchardt, Marcin"]
[Result "1/2-1/2"]
[WhiteElo "1988"]
[BlackElo "1788"]
[PlyCount "69"]
[EventDate "2010.11.07"]
[EventType "team-swiss"]
[EventRounds "10"]
[EventCountry "POL"]
[SourceTitle "EXT 2019"]
[Source "ChessBase"]
[SourceDate "2018.10.10"]
[SourceVersion "1"]
[SourceVersionDate "2018.10.10"]
[SourceQuality "1"]

1. e4 c6 2. d4 d6 3. Nc3 e5 4. Nf3 Bg4 5. dxe5 Bxf3 6. Qxf3 dxe5 7. Bc4 Qc7 8. 0-0 Nf6 9. Bg5 Be7 10. Rad1 0-0 11. Ne2 Nbd7 12. Ng3 Nb6 13. Bb3 Ne8 14. Bxe7 Qxe7 15. Nf5 Qf6 16. Rd2 g6 17. Nh6+ Kg7 18. Qe3 Qf4 19. Qxf4 exf4 20. Ng4 Nf6 21. Nxf6 Kxf6 22. Rfd1 Ke7 23. Rd6 c5 24. c3 c4 25. Bc2 f6 26. f3 Rfd8 27. Rxd8 Rxd8 28. Rxd8 Kxd8 29. g3 fxg3 30. hxg3 Kd7 31. Kf2 Kd6 32. Ke3 Kc5 33. b4+ cxb3 34. axb3 a5 35. Kd3 1/2-1/2

[Event "Chojnice op-B 6th"]
[Site "Chojnice"]
[Date "2010.07.16"]
[Round "9.9"]
[White "Borchardt, Marcin"]
[Black "Molenda, Marcin"]
[Result "0-1"]
[WhiteElo "1826"]
[BlackElo "1508"]
[PlyCount "48"]
[EventDate "2010.07.08"]
[EventType "swiss"]
[EventRounds "9"]
[EventCountry "POL"]
[SourceTitle "EXT 2023"]
[Source "ChessBase"]
[SourceDate "2022.10.05"]
[SourceVersion "1"]
[SourceVersionDate "2022.10.05"]
[SourceQuality "1"]

1. d4 d5 2. c4 e6 3. e3 Nf6 4. Nf3 c6 5. Nc3 Bd6 6. Bd3 0-0 7. e4 dxe4 8. Nxe4 Nxe4 9. Bxe4 h6 10. 0-0 Qf6 11. b3 c5 12. Bb2 cxd4 13. Bxd4 e5 14. Be3 Be6 15. Bc2 Nc6 16. Qe2 Qe7 17. Rfd1 Rfd8 18. Bc1 Bg4 19. h3 Nd4 20. Rxd4 Bxf3 21. Qd3 e4 22. Rxe4 Bxe4 23. Qxe4 Qxe4 24. Bxe4 Be5 0-1

[Event "Dresden ZMD op"]
[Site "Dresden"]
[Date "2010.07.15"]
[Round "6"]
[White "Borchardt, Marcin"]
[Black "Peil, Christoph"]
[Result "0-1"]
[WhiteElo "1826"]
[BlackElo "1880"]
[PlyCount "76"]
[EventDate "2010.07.10"]
[EventType "swiss"]
[EventRounds "9"]
[EventCountry "GER"]
[SourceTitle "CBM 137 Extra"]
[Source "ChessBase"]
[SourceDate "2010.09.01"]
[SourceVersion "1"]
[SourceVersionDate "2010.09.01"]
[SourceQuality "1"]

1. d4 Nf6 2. Nc3 d5 3. Nf3 Bf5 4. Bg5 Nbd7 5. e3 e6 6. Bd3 Bxd3 7. Qxd3 Be7 8. 0-0-0 0-0 9. h4 c5 10. Ne5 Nxe5 11. dxe5 Ng4 12. Qe2 Nxe5 13. Kb1 Nc4 14. Bf4 Bf6 15. Bg5 b5 16. Ne4 Be7 17. Nxc5 Qc7 18. Bxe7 Qxe7 19. Nd3 Rfc8 20. e4 d4 21. Rh3 Rab8 22. e5 Qc7 23. Nc1 Rb6 24. Rxd4 Rc6 25. Nb3 Nxb2 26. Rd2 Nc4 27. Rhd3 Nxd2+ 28. Rxd2 Rc4 29. Qd3 h6 30. Re2 a5 31. Kc1 a4 32. Na1 Rd8 33. Qe3 Rcd4 34. f4 Rd1+ 35. Kb2 b4 36. a3 Qc3+ 37. Qxc3 bxc3+ 38. Ka2 Rb8 0-1

[Event "Chojnice op"]
[Site "Chojnice"]
[Date "2005.??.??"]
[Round "8"]
[White "Borchardt, Marcin"]
[Black "Budnik, Kazimierz"]
[Result "0-1"]
[WhiteElo "1800"]
[BlackElo "1800"]
[PlyCount "80"]
[EventDate "2005.05.27"]
[EventType "swiss"]
[EventRounds "9"]
[EventCountry "POL"]
[SourceTitle "EXT 2007"]
[Source "ChessBase"]
[SourceDate "2006.11.23"]
[SourceVersion "1"]
[SourceVersionDate "2006.11.23"]
[SourceQuality "1"]

1. f4 e6 2. Nf3 Nf6 3. e3 d5 4. b3 c5 5. Bb5+ Nbd7 6. Bb2 Be7 7. 0-0 0-0 8. Bxd7 Bxd7 9. Qe1 Bb5 10. d3 a5 11. Nbd2 Rc8 12. c4 Ba6 13. e4 d4 14. Ne5 Bd6 15. Ndf3 b6 16. Bc1 Nd7 17. Nxd7 Qxd7 18. Ne5 Qe7 19. Bd2 f6 20. Nf3 Bb7 21. g3 Bc6 22. Qe2 Rf7 23. Ne1 Ba8 24. f5 exf5 25. Rxf5 g6 26. Rf1 Re8 27. Nf3 Bc6 28. Bf4 Bxf4 29. gxf4 Bd7 30. Nd2 Rg7 31. Kh1 Bc6 32. Nf3 f5 33. e5 g5 34. fxg5 Rxg5 35. Rg1 Rxg1+ 36. Rxg1+ Kh8 37. Re1 Qg5 38. Rg1 Qe3 39. Qxe3 dxe3 40. Kg2 Rg8+ 0-1

[Event "Chojnice op"]
[Site "Chojnice"]
[Date "2005.??.??"]
[Round "4"]
[White "Borchardt, Marcin"]
[Black "Harmata, Marek"]
[Result "1/2-1/2"]
[WhiteElo "1800"]
[BlackElo "1800"]
[PlyCount "94"]
[EventDate "2005.05.27"]
[EventType "swiss"]
[EventRounds "9"]
[EventCountry "POL"]
[SourceTitle "EXT 2007"]
[Source "ChessBase"]
[SourceDate "2006.11.23"]
[SourceVersion "1"]
[SourceVersionDate "2006.11.23"]
[SourceQuality "1"]

1. f4 d5 2. Nf3 Nf6 3. e3 e6 4. b3 Be7 5. Bb2 c5 6. Bb5+ Bd7 7. Bxd7+ Nbxd7 8. 0-0 0-0 9. d3 Qb6 10. Qe2 Rac8 11. Nbd2 Rc7 12. c4 Re8 13. e4 d4 14. h3 Nh5 15. Qf2 Nxf4 16. Nxd4 e5 17. Nb5 Rc6 18. Bxe5 Nxh3+ 19. gxh3 Nxe5 20. Qf5 Rg6+ 21. Kh1 Bf6 22. Rad1 Rg5 23. Qf2 Nxd3 24. Qe3 Nb4 25. Nf3 Rh5 26. Rd6 Nc6 27. Kg2 a6 28. Nc3 Bxc3 29. Qxc3 Qc7 30. Rd5 Rh6 31. Rxc5 Rg6+ 32. Rg5 Rxe4 33. Rxg6 hxg6 34. Qd3 Qe7 35. Qd5 Re2+ 36. Rf2 Rxf2+ 37. Kxf2 Qf6 38. Kg3 Qe7 39. c5 Kf8 40. a3 Qc7+ 41. Kg2 Ne7 42. Qd4 Nf5 43. Qf2 Qf4 44. b4 Qe4 45. Kh2 Qf4+ 46. Kg2 Qe4 47. Kh2 Qf4+ 1/2-1/2

[Event "Chojnice op"]
[Site "Chojnice"]
[Date "2005.??.??"]
[Round "6"]
[White "Szawiela, Bartosz"]
[Black "Borchardt, Marcin"]
[Result "0-1"]
[WhiteElo "1800"]
[BlackElo "1800"]
[PlyCount "86"]
[EventDate "2005.05.27"]
[EventType "swiss"]
[EventRounds "9"]
[EventCountry "POL"]
[SourceTitle "EXT 2007"]
[Source "ChessBase"]
[SourceDate "2006.11.23"]
[SourceVersion "1"]
[SourceVersionDate "2006.11.23"]
[SourceQuality "1"]

1. e4 e5 2. Nf3 Nc6 3. Bc4 Bc5 4. d3 Nf6 5. 0-0 d6 6. h3 Be6 7. Bb3 h6 8. Nc3 a6 9. Bd2 0-0 10. Qe2 Qd7 11. Rfd1 Nd4 12. Nxd4 Bxd4 13. Rab1 Nh7 14. Kh1 Bxb3 15. axb3 f5 16. f3 f4 17. Be1 Nf6 18. Bf2 c6 19. Qe1 Qe6 20. Ne2 c5 21. c4 Rfb8 22. Nxd4 exd4 23. Qd2 g5 24. Kh2 Nd7 25. Rh1 Ne5 26. Kg1 Kg7 27. h4 b5 28. Kf1 bxc4 29. bxc4 Rb3 30. Ke2 Rxd3 31. Qc2 Rb8 32. Rhd1 Rxd1 33. Rxd1 d3+ 34. Rxd3 Nxd3 35. Kxd3 Qe5 36. b3 Qa1 37. hxg5 hxg5 38. g3 Qf1+ 39. Kc3 fxg3 40. Bxg3 Qxf3+ 41. Qd3 Qxd3+ 42. Kxd3 Rxb3+ 43. Ke2 Rxg3 0-1

[Event "Chojnice op"]
[Site "Chojnice"]
[Date "2005.??.??"]
[Round "3"]
[White "Wodzynski, Mieszko"]
[Black "Borchardt, Marcin"]
[Result "1-0"]
[WhiteElo "1800"]
[BlackElo "1800"]
[PlyCount "103"]
[EventDate "2005.05.27"]
[EventType "swiss"]
[EventRounds "9"]
[EventCountry "POL"]
[SourceTitle "EXT 2007"]
[Source "ChessBase"]
[SourceDate "2006.11.23"]
[SourceVersion "1"]
[SourceVersionDate "2006.11.23"]
[SourceQuality "1"]

1. e4 e5 2. Nf3 Nc6 3. d4 exd4 4. Nxd4 Bc5 5. Be3 Qf6 6. c3 Nge7 7. Bc4 a6 8. Qd2 Ne5 9. Be2 d6 10. Bg5 Qg6 11. f4 f6 12. fxe5 Qxg5 13. Qxg5 fxg5 14. exd6 Bxd6 15. Nd2 0-0 16. Bc4+ Kh8 17. N2f3 h6 18. Nb3 Bf4 19. g3 Be3 20. Rf1 Bh3 21. Ke2 Bxf1+ 22. Rxf1 Bb6 23. Rd1 Rad8 24. Rxd8 Rxd8 25. Ne5 Rf8 26. Nd4 Bxd4 27. cxd4 g6 28. Bd5 c6 29. Be6 Kg7 30. Bc4 Rd8 31. Ke3 b5 32. Bb3 Rf8 33. Ke2 a5 34. a4 b4 35. Nc4 Ra8 36. e5 Nd5 37. Bc2 Ra6 38. Kf3 Ra8 39. Ke4 Kf7 40. Nd6+ Ke6 41. Bb3 Rf8 42. Nc4 Ra8 43. Nb6 Rd8 44. Nc4 Rf8 45. Nxa5 Rf2 46. Nxc6 Re2+ 47. Kd3 Re3+ 48. Kc2 Re2+ 49. Kb1 Re3 50. Bc4 Re1+ 51. Ka2 Rc1 52. b3 1-0

[Event "Chojnice op"]
[Site "Chojnice"]
[Date "2005.??.??"]
[Round "5"]
[White "Zielinski, Olgierd"]
[Black "Borchardt, Marcin"]
[Result "1-0"]
[WhiteElo "1944"]
[BlackElo "1800"]
[PlyCount "153"]
[EventDate "2005.05.27"]
[EventType "swiss"]
[EventRounds "9"]
[EventCountry "POL"]
[SourceTitle "EXT 2007"]
[Source "ChessBase"]
[SourceDate "2006.11.23"]
[SourceVersion "1"]
[SourceVersionDate "2006.11.23"]
[SourceQuality "1"]

1. e4 e5 2. d4 exd4 3. Qxd4 Nc6 4. Qe3 d6 5. Bd2 Nf6 6. Nc3 g6 7. Nd5 Bg7 8. Bc3 0-0 9. 0-0-0 Re8 10. Nxf6+ Bxf6 11. f3 Be6 12. Kb1 Qe7 13. g4 Rad8 14. Bxf6 Qxf6 15. g5 Qe7 16. h4 d5 17. exd5 Rxd5 18. Qc1 Red8 19. Re1 Qb4 20. c3 Bf5+ 21. Ka1 Qc5 22. Bh3 Rd2 23. Bxf5 Qxf5 24. Re8+ Rxe8 25. Qxd2 Rd8 26. Qe2 Qf4 27. Nh3 Qxh4 28. f4 Qg3 29. a3 Qd3 30. Qh2 Qf3 31. Nf2 Qh5 32. Qg3 Qe2 33. Qh4 Qh5 34. Qg3 Qe2 35. Qh4 Qh5 36. Qxh5 gxh5 37. Rxh5 Kg7 38. Ng4 Rh8 39. Rh6 Ne7 40. c4 Ng8 41. Rh4 h6 42. Kb1 f6 43. gxf6+ Nxf6 44. Ne5 Rd8 45. Rxh6 Kxh6 46. Nf7+ Kh5 47. Nxd8 b6 48. Ne6 Ne8 49. Kc2 Kg4 50. Kd3 Kf5 51. Nd4+ Kxf4 52. Nc6 a5 53. Kd4 Kf5 54. c5 Ke6 55. Kc4 Kd7 56. Kb5 bxc5 57. Kxc5 Nd6 58. Nxa5 Ne4+ 59. Kd5 Nf6+ 60. Ke5 Ng4+ 61. Kd4 Nf6 62. b4 Kd6 63. b5 Nd7 64. Nc4+ Ke6 65. a4 Nb6 66. a5 Na8 67. Kc5 Kd7 68. Ne5+ Kd8 69. Kc6 Kc8 70. Nd7 Kd8 71. a6 Kc8 72. a7 Kd8 73. Nc5 Kc8 74. Na6 Kd8 75. Nxc7 Nxc7 76. b6 Na6 77. a8Q+ 1-0